000 00200nam a2200085Ia 4500
008 120527s9999 xx 000 0 und d
100 _aMueller, G.M
245 _aReadings in Macro Economics
942 _cBK
999 _c27135
_d27135